000 00535nam a2200181Ia 4500
001 9384
005 20260306161714.0
008 260306t2017||||xx |||||||||||||| ||spa||
041 _aESP
082 _a378.17028
_bG15
100 _aGallardo-Saborido, Emilio J.
_eAUT
245 0 _aEscribir en las disciplinas:
_bintervenciones para desarrollar los géneros académicos y profesionales en la Educación Superior
260 _c2017
300 _a222 páginas :
_c23 cm.
650 _aGEN
654 _aCED
942 _cLIB
_dJUS
_fJUS
_2ddc
_n
999 _c9384
_d9384